00582nam a2200169Ia 4500003000400000020001800004082001900022100002200041245004100063250001200104260006400116300001000180650002800190653014800218700002700366700001900393SGT a9780070153899 a620.1/12bBEER aFerdinand P. Beer aMechanics of Materials (In SI Units) a5th Ed. bTata McGraw Hill Education Private LimitedaNew Delhic2009 a780p. aMECHANICAL ENGINEERING  aCONCEPT OF STRESS, STRESS AND STRAIN-AXIAL LOADING, PURE BENDING, ANALYSIS AND DESIGN OF BEAMS FOR BENDING, DEFLECTION OF BEAMS, ENERGY METHODS aE. Russell Johnstor Jr aJohn T. Dewolk